| 000 | 00834ntm a22002897a 4500 | ||
|---|---|---|---|
| 005 | 20170323133426.0 | ||
| 008 | 170323b xxu||||| |||| 00| 0 spa d | ||
| 020 | _a9968314722 | ||
| 041 | _aSPA | ||
| 082 | _a372.86 Ch431e | ||
| 100 |
_aChacón Ramírez, Miriam _941501 |
||
| 245 | _aEducación física para niños con necesidades educativas especiales | ||
| 260 | _aCosta Rica | ||
| 260 | _bEUNED | ||
| 260 | _c2010 | ||
| 300 | _a184 páginas | ||
| 650 |
_aCOSTA RICA _941502 |
||
| 650 |
_aEDUCACIÓN FÍSICA _941503 |
||
| 650 |
_aEDUCACIÓN ESPECIAL _91030 |
||
| 650 |
_aPROBLEMAS EMOCIONALES _914330 |
||
| 650 |
_aDESARROLLO MOTOR _91014 |
||
| 650 |
_aDESARROLLO SENSORIO-PERCEPTUAL _941504 |
||
| 650 |
_aTEORÍAS DEL JUEGO _941505 |
||
| 650 |
_aTIPOS DE JUEGOS _941506 |
||
| 650 |
_aRECREACIÓN _9926 |
||
| 942 | _cBK | ||
| 999 |
_c9119 _d9119 |
||